[Event "South Wales Autumn Open 2017"]
[Site "Pencoed"]
[Date "2017.10.15"]
[Round "4.2"]
[White "Fathallah, Joe"]
[Black "Garcia, Jason"]
[Result "1/2-1/2"]
[WhiteElo "2011"]
[BlackElo "2026"]
[PlyCount "42"]
[EventDate "2017.10.13"]
[EventType "swiss"]
[EventRounds "5"]
[EventCountry "WLS"]
[SourceDate "2017.10.14"]

1. d4 f5 2. h3 d6 3. Nf3 g6 4. Nc3 Nf6 5. Bg5 Bg7 6. Qd2 d5 7. O-O-O c6 8. Ne5
Be6 9. f3 Nbd7 10. Nxd7 Qxd7 11. e3 Bf7 12. g4 O-O-O 13. Na4 Ne8 14. Qa5 Kb8
15. Nc5 Qc7 16. Qxc7+ Nxc7 17. Bxe7 Rde8 18. Bg5 h6 19. Bf4 g5 20. Bxc7+ Kxc7
21. Kd2 f4 1/2-1/2

[Event "South Wales Autumn Open 2017"]
[Site "Pencoed"]
[Date "2017.10.15"]
[Round "4.3"]
[White "Dixon, Chris"]
[Black "Toczek, Grzegorz"]
[Result "0-1"]
[WhiteElo "1805"]
[BlackElo "2258"]
[PlyCount "74"]
[EventDate "2017.10.13"]
[EventType "swiss"]
[EventRounds "5"]
[EventCountry "WLS"]
[SourceDate "2017.10.14"]

1. Nf3 Nf6 2. g3 g6 3. Bg2 Bg7 4. O-O O-O 5. d3 c5 6. e4 d6 7. Re1 e5 8. c3 Nc6
9. a3 Rb8 10. b4 b5 11. h3 a5 12. bxc5 dxc5 13. Qc2 Ba6 14. Rd1 Qe7 15. Bg5 h6
16. Be3 Rfc8 17. Nbd2 Nd7 18. a4 Nd4 19. Bxd4 cxd4 20. c4 bxc4 21. dxc4 Rb4 22.
Bf1 Nc5 23. Rdb1 Rcb8 24. Rxb4 Rxb4 25. Ne1 Qb7 26. Nd3 Nxd3 27. Bxd3 Rb2 28.
Qc1 Qb4 29. Nf1 Bf8 30. Nh2 h5 31. g4 Rb3 32. Qf1 Qd2 33. Rd1 Qg5 34. Nf3 Qf4
35. Qg2 Rxd3 36. Rxd3 Bxc4 37. Rd1 Be2 0-1

[Event "South Wales Autumn Open 2017"]
[Site "Pencoed"]
[Date "2017.10.15"]
[Round "4.4"]
[White "Young, Alan"]
[Black "Turner, Joseph David"]
[Result "1-0"]
[WhiteElo "2044"]
[BlackElo "1888"]
[PlyCount "79"]
[EventDate "2017.10.13"]
[EventType "swiss"]
[EventRounds "5"]
[EventCountry "WLS"]
[SourceDate "2017.10.14"]

1. e4 e5 2. Nf3 Nc6 3. Bc4 Bc5 4. c3 Qf6 5. d4 exd4 6. O-O Ne5 7. Nxe5 Qxe5 8.
cxd4 Bxd4 9. Nd2 Bb6 10. Kh1 Nf6 11. f4 Qd4 12. e5 Ne4 13. Nxe4 Qxe4 14. Qb3
Qf5 15. Bd3 Qe6 16. Qc2 Qc6 17. Qe2 h5 18. Bd2 Bd4 19. Rac1 Qb6 20. Bc3 Bxc3
21. Rxc3 a5 22. Bc4 a4 23. Rg3 g6 24. f5 h4 25. Bxf7+ Kxf7 26. fxg6+ Ke7 27. g7
Rg8 28. Qh5 Qe6 29. Qg5+ Ke8 30. Rgf3 d6 31. Rf8+ Kd7 32. Rc1 c5 33. Qd8+ Kc6
34. Rxg8 h3 35. Qe8+ Qxe8 36. Rxe8 hxg2+ 37. Kg1 a3 38. g8=Q axb2 39. Rxc8+ Kb6
40. Qb3+ 1-0

[Event "South Wales Autumn Open 2017"]
[Site "Pencoed"]
[Date "2017.10.15"]
[Round "4.5"]
[White "Van Kemenade, Rudy"]
[Black "Ralphs, Nigel"]
[Result "0-1"]
[WhiteElo "1998"]
[BlackElo "2043"]
[PlyCount "74"]
[EventDate "2017.10.13"]
[EventType "swiss"]
[EventRounds "5"]
[EventCountry "WLS"]
[SourceDate "2017.10.14"]

1. f4 d5 2. Nf3 g6 3. g3 Bg7 4. Bg2 Nf6 5. d3 O-O 6. O-O b6 7. c3 Bb7 8. Na3
Nbd7 9. Nh4 e5 10. f5 Ne8 11. e4 dxe4 12. dxe4 Nc5 13. Qe1 Nd6 14. Be3 Ncxe4
15. Rd1 Qe7 16. Bc1 Rad8 17. Nc2 Nc5 18. b4 Nce4 19. c4 c5 20. Ba3 Nxc4 21.
Rxd8 Qxd8 22. bxc5 Nxa3 23. Bxe4 Bxe4 24. Qxe4 Nxc2 25. Qxc2 Qd4+ 26. Kg2 Qxc5
27. Qb3 Qc6+ 28. Kh3 g5 29. f6 gxh4 30. fxg7 Kxg7 31. Rf5 Qe6 32. g4 Qxb3+ 33.
axb3 Re8 34. Rf3 e4 35. Re3 Kf6 36. Kxh4 Ke5 37. Kg3 Rd8 0-1

[Event "South Wales Autumn Open 2017"]
[Site "Pencoed"]
[Date "2017.10.15"]
[Round "4.6"]
[White "May, Adam J"]
[Black "White, Ernest M"]
[Result "1/2-1/2"]
[WhiteElo "1935"]
[BlackElo "1837"]
[PlyCount "91"]
[EventDate "2017.10.13"]
[EventType "swiss"]
[EventRounds "5"]
[EventCountry "WLS"]
[SourceDate "2017.10.14"]

1. c4 f5 2. g3 Nf6 3. Nc3 g6 4. Bg2 Bg7 5. d3 O-O 6. e4 fxe4 7. dxe4 e5 8. Nge2
d6 9. O-O Be6 10. Nd5 Nbd7 11. Nec3 Nb6 12. b3 Qd7 13. Ba3 Ne8 14. Rc1 c6 15.
Ne3 Rf7 16. Qe2 Bf8 17. Rcd1 Bh3 18. c5 Bxg2 19. Kxg2 Nc8 20. cxd6 Ncxd6 21.
Rd3 Qe6 22. Bb2 Rd7 23. Rfd1 Rad8 24. f3 a6 25. Na4 Nb5 26. Rxd7 Rxd7 27. Rxd7
Qxd7 28. Qc4+ Qf7 29. Bxe5 Qxc4 30. Nxc4 Kf7 31. Bb2 Ke6 32. Kf1 Nbc7 33. Ne3
b5 34. Nc3 a5 35. Ne2 Kd7 36. Nf4 Nd6 37. Ke2 Na6 38. e5 Nb7 39. h4 Be7 40. Ng4
Nb4 41. e6+ Kd6 42. Be5+ Kc5 43. Bf6 Kd6 44. Bxe7+ Kxe7 45. Ne5 Nd8 46. a3
1/2-1/2

[Event "South Wales Autumn Open 2017"]
[Site "Pencoed"]
[Date "2017.10.15"]
[Round "5.1"]
[White "Garcia, Jason"]
[Black "Kett, Tim"]
[Result "1/2-1/2"]
[WhiteElo "2026"]
[BlackElo "2202"]
[PlyCount "36"]
[EventDate "2017.10.13"]
[EventType "swiss"]
[EventRounds "5"]
[EventCountry "WLS"]
[SourceDate "2017.10.14"]

1. e4 d5 2. exd5 Nf6 3. d4 Bg4 4. Bb5+ Nbd7 5. Be2 Bxe2 6. Nxe2 Nxd5 7. c4 N5f6
8. Qb3 e5 9. O-O Bd6 10. c5 Be7 11. dxe5 Nxe5 12. Bf4 Nfd7 13. Rd1 Qc8 14. Qg3
O-O 15. Nbc3 Ng6 16. Bxc7 Bh4 17. Qd6 Nf6 18. Ba5 Ng4 1/2-1/2

[Event "South Wales Autumn Open 2017"]
[Site "Pencoed"]
[Date "2017.10.15"]
[Round "5.2"]
[White "Toczek, Grzegorz"]
[Black "Young, Alan"]
[Result "1-0"]
[WhiteElo "2258"]
[BlackElo "2044"]
[PlyCount "101"]
[EventDate "2017.10.13"]
[EventType "swiss"]
[EventRounds "5"]
[EventCountry "WLS"]
[SourceDate "2017.10.14"]

1. e4 e5 2. Nf3 Nc6 3. Nc3 Nf6 4. d4 exd4 5. Nxd4 Bc5 6. Nxc6 bxc6 7. Bd3 d6 8.
O-O Ng4 9. Bf4 g5 10. Bd2 Qf6 11. Qf3 Qxf3 12. gxf3 Ne5 13. Kg2 Rb8 14. Na4 Bb4
15. Bxb4 Rxb4 16. b3 Rg8 17. Nb2 Ng6 18. Rg1 Nf4+ 19. Kf1 Rg6 20. Ke1 Be6 21.
Kd2 Rh6 22. Rxg5 Rxh2 23. Ke3 Ng6 24. f4 h6 25. Rg3 Bd7 26. c3 Rb6 27. Nc4 Rb7
28. Nd2 Ke7 29. Nf3 Rh5 30. f5 Nh4 31. Nd2 d5 32. f3 Rb8 33. Rg4 Ng6 34. Rg3
Ne5 35. Be2 Rg5 36. Rh3 Rg2 37. Rxh6 c5 38. Re1 d4+ 39. cxd4 cxd4+ 40. Kxd4
Nc6+ 41. Ke3 Nb4 42. Rc1 Rb7 43. a3 Rxe2+ 44. Kxe2 Bb5+ 45. Ke3 Nd3 46. Rc3 Ne5
47. a4 Bd7 48. Kf4 f6 49. Rh7+ Nf7 50. Nc4 Ke8 51. Ne3 1-0

[Event "South Wales Autumn Open 2017"]
[Site "Pencoed"]
[Date "2017.10.15"]
[Round "5.3"]
[White "Ralphs, Nigel"]
[Black "Fathallah, Joe"]
[Result "0-1"]
[WhiteElo "2043"]
[BlackElo "2011"]
[PlyCount "86"]
[EventDate "2017.10.13"]
[EventType "swiss"]
[EventRounds "5"]
[EventCountry "WLS"]
[SourceDate "2017.10.14"]

1. e4 e6 2. d4 d5 3. Nd2 Nc6 4. Ngf3 Nf6 5. e5 Nd7 6. Bb5 a6 7. Bxc6 bxc6 8.
Nb3 c5 9. Bg5 Be7 10. Na5 Nb8 11. Bxe7 Qxe7 12. dxc5 Qxc5 13. Qd2 O-O 14. O-O
Nc6 15. Nxc6 Qxc6 16. b4 Bb7 17. Qd4 a5 18. c3 Ba6 19. Rfe1 Qc4 20. a4 c6 21.
Qc5 Qxc5 22. bxc5 Bd3 23. Nd4 Rfc8 24. Red1 Bf5 25. Nxf5 exf5 26. Rab1 Rab8 27.
f4 Kf8 28. Kf2 Ke7 29. Ke3 f6 30. Kd4 Ke6 31. exf6 Kxf6 32. Rb6 Rxb6 33. cxb6
c5+ 34. Kxd5 Rd8+ 35. Kc6 Rxd1 36. b7 Rb1 37. c4 g5 38. g3 gxf4 39. gxf4 Kg6
40. Kc7 Kh5 41. h3 Kh4 42. b8=Q Rxb8 43. Kxb8 h5 0-1

[Event "South Wales Autumn Open 2017"]
[Site "Pencoed"]
[Date "2017.10.15"]
[Round "5.4"]
[White "Brown, Thomas"]
[Black "Musson, Adam J"]
[Result "1/2-1/2"]
[WhiteElo "2059"]
[BlackElo "2049"]
[PlyCount "93"]
[EventDate "2017.10.13"]
[EventType "swiss"]
[EventRounds "5"]
[EventCountry "WLS"]
[SourceDate "2017.10.14"]

1. Nf3 Nf6 2. c4 g6 3. Nc3 Bg7 4. e4 d6 5. d4 O-O 6. Be2 e5 7. O-O Nc6 8. d5
Ne7 9. Ne1 Ne8 10. Nd3 f5 11. Bd2 Nf6 12. f3 f4 13. c5 g5 14. Rc1 Ng6 15. cxd6
cxd6 16. Nf2 Rf7 17. Nb5 Bf8 18. Rc3 a6 19. Na3 h5 20. h3 Rg7 21. Nc4 Nh8 22.
Rb3 g4 23. fxg4 hxg4 24. hxg4 Nd7 25. Nb6 Nxb6 26. Ba5 Nf7 27. Bxb6 Qg5 28. Rh3
Nh6 29. Ba5 Bd7 30. Qb3 Nxg4 31. Nxg4 Bxg4 32. Bxg4 Qxg4 33. Qf3 Rc8 34. Qxg4
Rxg4 35. Bc3 Kg7 36. Kf2 Be7 37. Rfh1 Rg8 38. Bb4 Kf7 39. Rh7+ Ke8 40. R1h2 Rg3
41. R7h3 R3g7 42. Kf1 Kd7 43. Rc3 Rg3 44. Rxg3 Rxg3 45. Rh3 Rg7 46. Ba5 Bd8 47.
Bxd8 1/2-1/2

[Event "South Wales Autumn Open 2017"]
[Site "Pencoed"]
[Date "2017.10.15"]
[Round "5.5"]
[White "Van Kemenade, Julie"]
[Black "May, Adam J"]
[Result "1/2-1/2"]
[WhiteElo "1694"]
[BlackElo "1935"]
[PlyCount "65"]
[EventDate "2017.10.13"]
[EventType "swiss"]
[EventRounds "5"]
[EventCountry "WLS"]
[SourceDate "2017.10.14"]

1. e4 c6 2. d3 d5 3. Qe2 Qc7 4. g3 dxe4 5. dxe4 e5 6. Bg2 Bd6 7. Nc3 Nf6 8. Nf3
Nbd7 9. O-O O-O 10. Bg5 Re8 11. Rad1 a5 12. Rfe1 h6 13. Bc1 Bf8 14. Nh4 g6 15.
h3 b6 16. Be3 Ba6 17. Qf3 Kg7 18. Ne2 Re6 19. g4 Nc5 20. Bxc5 Bxc5 21. Ng3 Nh7
22. Bf1 Rf6 23. Nhf5+ gxf5 24. gxf5 Ng5 25. Qg4 Kh8 26. Bxa6 b5 27. Kf1 Rg8 28.
Nh5 Rd6 29. Rxd6 Bxd6 30. Nf6 Rd8 31. Nh5 Rg8 32. Nf6 Rd8 33. Nh5 1/2-1/2

[Event "South Wales Autumn Open 2017"]
[Site "Pencoed"]
[Date "2017.10.15"]
[Round "5.6"]
[White "Morgans, Justin"]
[Black "Dixon, Chris"]
[Result "1/2-1/2"]
[WhiteElo "1613"]
[BlackElo "1805"]
[PlyCount "38"]
[EventDate "2017.10.13"]
[EventType "swiss"]
[EventRounds "5"]
[EventCountry "WLS"]
[SourceDate "2017.10.14"]

1. e4 e5 2. Nf3 d5 3. Nxe5 Bd6 4. d4 dxe4 5. Nc3 Bxe5 6. dxe5 Qxd1+ 7. Nxd1 Nc6
8. Bb5 Bd7 9. Bxc6 Bxc6 10. Nc3 O-O-O 11. O-O Re8 12. Bf4 Ne7 13. Rfe1 Ng6 14.
Bg3 Nxe5 15. Nxe4 h6 16. Nd2 Ng6 17. f3 Rxe1+ 18. Rxe1 Re8 19. Rxe8+ Bxe8
1/2-1/2

[Event "South Wales Autumn Open 2017"]
[Site "Pencoed"]
[Date "2017.10.15"]
[Round "5.7"]
[White "White, Ernest M"]
[Black "Van Kemenade, Rudy"]
[Result "0-1"]
[WhiteElo "1837"]
[BlackElo "1998"]
[PlyCount "78"]
[EventDate "2017.10.13"]
[EventType "swiss"]
[EventRounds "5"]
[EventCountry "WLS"]
[SourceDate "2017.10.14"]

1. d4 Nf6 2. c4 e5 3. e3 Nc6 4. d5 Ne7 5. Nc3 d6 6. Bd3 g6 7. e4 Bg7 8. f3 c6
9. Be3 cxd5 10. cxd5 a6 11. Qd2 h5 12. Nge2 b5 13. a3 Nd7 14. b4 Nb6 15. Rc1
Bd7 16. O-O O-O 17. Bh6 f5 18. Bxg7 Kxg7 19. f4 Rc8 20. fxe5 dxe5 21. Qb2 Nc4
22. Bxc4 Rxc4 23. Ng3 f4 24. Nge2 Qb6+ 25. Kh1 Kh7 26. Ng1 g5 27. Nf3 Qf6 28.
d6 Qxd6 29. Nxg5+ Kh6 30. h4 Bc6 31. Rcd1 Qf6 32. Nd5 Bxd5 33. exd5 Nf5 34.
Rfe1 Ne3 35. Qb1 e4 36. Rd2 Qf5 37. Ne6 Rg8 38. Ng5 Qg4 39. Nh3 Nxg2 0-1

[Event "South Wales Autumn Open 2017"]
[Site "Pencoed"]
[Date "2017.10.15"]
[Round "5.8"]
[White "Jaberansari, Daniel"]
[Black "Jansen Van Rensburg, Leon"]
[Result "1-0"]
[WhiteElo "1422"]
[BlackElo "1584"]
[PlyCount "155"]
[EventDate "2017.10.13"]
[EventType "swiss"]
[EventRounds "5"]
[EventCountry "WLS"]
[SourceDate "2017.10.14"]

1. e4 c5 2. c3 d6 3. Nf3 g6 4. Bc4 Bg7 5. d3 e6 6. Qe2 a6 7. O-O Ne7 8. Bg5 b5
9. Bb3 Nbc6 10. Nbd2 Bb7 11. Rfd1 O-O 12. Nf1 Qd7 13. Ne3 Rae8 14. Ng4 f5 15.
exf5 Nxf5 16. Re1 d5 17. Nge5 Nxe5 18. Nxe5 Bxe5 19. Qxe5 Qf7 20. Rf1 c4 21.
Bc2 Qd7 22. d4 Rf7 23. Rae1 Bc8 24. Re2 Ref8 25. Rfe1 Ng7 26. Bh6 Qe7 27. Bxg7
Rxg7 28. h3 Rgf7 29. Rf1 a5 30. b3 Qa3 31. Qe3 Ra7 32. Qc1 Qxa2 33. Bd1 cxb3
34. Rxa2 bxa2 35. Qb2 Bd7 36. Qxa2 a4 37. Bf3 Rc8 38. Qa3 Rac7 39. Rc1 Rb8 40.
Kf1 b4 41. cxb4 Rxc1+ 42. Qxc1 Rxb4 43. Qa1 Rb7 44. Qa2 Ra7 45. Kg1 a3 46. Be2
Kf7 47. Kh2 Kf6 48. Kg3 Be8 49. Kf4 g5+ 50. Kg3 Bf7 51. Bd3 h6 52. h4 e5 53.
hxg5+ hxg5 54. Qa1 e4 55. Bc2 Bg6 56. Bb3 Bf5 57. Qa2 Ra5 58. Qd2 Ra7 59. Qb4
Be6 60. Ba4 a2 61. Qa3 Bd7 62. Qxa2 Rxa4 63. Qxd5 Be6 64. Qe5+ Kf7 65. Qxe4
Ra3+ 66. Kh2 Ra5 67. Qb7+ Kf6 68. Qc6 Rd5 69. Qc3 g4 70. Qe3 Rh5+ 71. Kg1 Rf5
72. Qh6+ Ke7 73. Qg7+ Rf7 74. Qg5+ Kd6 75. Qe5+ Ke7 76. d5 Rf6 77. dxe6 Rxe6
78. Qg5+ 1-0